000 00752nam a2200241 i 4500
003 DO-SdBNP
005 20241010131355.0
007 ta
008 241010s1978 dr 000 0 spa d
040 _aDO-SdBNP
_bspa
_cBNPHU
_erda
082 _bT314
_222
245 0 2 _aLa teoría de los 3 mundos y el marxismo :
_bsegunda conferencia nacional de cuadros /
250 _a2a. edición
264 1 _aSanto Domingo :
_bEdiciones Socialistas,
_c1978.
300 _a52 páginas,
_c21 cm.
336 _atexto
_btxt
_2rdacontent
337 _asin mediación
_bn
_2rdamedia
338 _avolumen
_bnc
_2rdacarrier
490 1 _aMovimiento de liberación Nacional-Corecato
590 _aInventariado, 2024/ YL
910 _aYLockward
942 _2ddc
_cLBS1
999 _c57819
_d57819